000 00367nam a2200133Ia 4500
008 100328s9999 xx 000 0 und d
082 _b3984
100 _aपरांजपे शकुंतला
245 _aघराचा मालक
260 _b---
630 _aघराचा मालक
730 _aघराचा मालक
942 _cBOOK
999 _c500088
_d500085